000 00679nam a2200289Ia 4500
005 20260324115240.0
008 008 260324s9999 xx 000 0 eng d
020 _a9780323296243
037 _aEBOOK
040 _aCRL
040 _beng
040 _cCRL
041 _2eng
041 _aeng
084 _qCRL
100 _aEhsan Zaffar
_91153940
245 0 _aUnderstanding Homeland Security
245 0 _bFoundations of Security Policy
260 _bTaylor and Francis
260 _c2019
365 _a
365 _b230
856 _uhttp://www.taylorfrancis.com/books/9780323296243
942 _cEBOOK
999 _c1744674
_d1744674